000 00336nam a2200157Ia 4500
100 _aSimon/Richard
490 _v3
942 _cBK
654 _aWindows 95
245 _aWin 95 : Multimedia 80DBC API
260 _bTechmedia
_aNew Delhi
_c1998
082 _a005.133(W)
_bSIM
300 _a1074
546 _aENGLISH
999 _c34865
_d34865